Tìm vía dưới Long Vương

Trình bày một số quan niệm của người Tày về cõi người và cõi phi (lễ gọi vía). Giới thiệu tiến trình của lễ tìm vía dưới Long Vương và bản mo cúng bằng thơ "tìm vía dưới Long Vương"...

Ful tanımlama

Kaydedildi:
Detaylı Bibliyografya
Materyal Türü: Kitap
Dil:Undetermined
Baskı/Yayın Bilgisi: Hà Nội Văn hóa Thông tin 2013
Konular:
Etiketler: Etiketle
Etiket eklenmemiş, İlk siz ekleyin!
Thư viện lưu trữ: Trung tâm Học liệu Trường Đại học Cần Thơ
LEADER 00856nam a2200181Ia 4500
001 CTU_189284
008 210402s9999 xx 000 0 und d
082 |a 390.09597 
082 |b T310 
245 0 |a Tìm vía dưới Long Vương 
245 0 |c Triệu Thị Mai (Sưu tầm và giới thiệu) 
260 |a Hà Nội 
260 |b Văn hóa Thông tin 
260 |c 2013 
520 |a Trình bày một số quan niệm của người Tày về cõi người và cõi phi (lễ gọi vía). Giới thiệu tiến trình của lễ tìm vía dưới Long Vương và bản mo cúng bằng thơ "tìm vía dưới Long Vương" 
650 |a Folklore, vietnamese,Văn hóa dân gian Việt Nam 
904 |i Trúc 
980 |a Trung tâm Học liệu Trường Đại học Cần Thơ